Jersey numbers for random NBA players - Statistics

General Stats
  • This quiz has been taken 16 times
  • The average score is 16 of 17
Answer Stats
Name of Player # % Correct
JaMychal Green 1
100%
Nick Richards 4
100%
Lamar Stevens 8
100%
Nassir Little 9
100%
Jae Crowder 99
100%
Raul Neto 19
91%
Danuel House Jr. 25
91%
Keita Bates-Diop 31
91%
Mike Muscala 33
91%
P.J. Dozier 35
91%
Luke Kornet 40
91%
Thanasis Antetokounmpo 43
91%
Paul Reed 44
91%
John Konchar 46
91%
Deividas Sirvydis 91
91%
Juan Toscano-Anderson 95
91%
Rodney Mcgruder 17
82%
No matching quizzes found
Score Distribution
Percent of People with Each Score
Percentile by Number Answered
Your Score History
You have not taken this quiz